1254 1592 1477 1373 1338 1553 1246 1635 1971 1319 1591 1938 1658 1246 1084 1031 1027 1024 1299 1758 1308 1849 1868 1421 1349 1647 1710 1362 1616 1896 1413 1040 1551 1945 1462 1488 1012 1324 1821 1719 1484 1109 1951 1562 1079 1268 1384 1933 1374 1785 1580 1606 1609 1473 1674 1599 1558 1353 1179 1075 1371 1751 1653 1690 1562 1862 1748 1734 1397 1787 1398 1230 1093 1465 1497 1532 1885 1624 1968 1563 1789 1670 1893 1893 1611 1361 1064 1966 1173 1432 1972 1540 1246 1394 1478 1743 1382 1804 1817 BCNSPRNW ULIB Ver.6.0+V

เปลี่ยนเป็นภาษาไทย

Change to English
 แสดงรายละเอียดบรรณานุกรม
  กลับหน้าหลัก

Brief Record : Get Marc (ISO 2709) : E-mail record : QR code < ปิดหน้าต่าง
LEADER : 00000nam 2200000uu 4500
001    13399127962
003     ULIB
008    211117s2563||||th 000 0 tha d
020 ^  ^a9786163660749
050  0 ^aนว.^bด265พ
100 0  ^aดวงตะวัน.
245 1  ^aพระจันทร์วันอาทิตย์ /^cดวงตะวัน.
260 ^  ^aกรุงเทพฯ :^bดวงตะวัน,^c2563.
300 ^  ^a526 หน้า.
650 ^  ^aนวนิยาย.
945    ^p370^l0^i008552
999    ^aประนอม เกษจรัล
รายการนี้ยังไม่มีแท็ก
คุณยังไม่ได้ล็อกอิน คุณสามารถมีกิจกรรมร่วมกับเว็บไซต์ได้ แต่ต้องล็อกอินก่อน ::
  ล็อกอิน

รายการสื่อสารสนเทศ

ลำดับที่ ประเภท เลขเรียก/บาร์โค้ด สถานที่ สถานะ
1. นวนิยาย
นวนิยาย
นว. ด265พ ฉ.1 
  Barcode: 008552
ห้องสมุดวิทยาเขตสวรรค์ประชารักษ์
►นวนิยาย
บนชั้น
  ขอยืม

รายการใกล้เคียง
    ผู้แต่ง [ดวงตะวัน.]

    หัวเรื่อง [นวนิยาย.]

BibComment


ยังไม่เคยถูกคอมเมนท์

คอมเมนท์ทรัพยากรรายการนี้
  คอมเมนท์: พระจันทร์วันอาทิ..


 Copyright 2026. Bcnsprnw @Library